Logo BPK

Biblioteka

Politechniki Koszalińskiej

Termoelektryczne urządzenia chłodnicze / (Rekord nr 42542)

Szczegóły MARC
000 -ETYKIETA REKORDU
podpole kontrolne o stałej długości 01754nam a2200529 i 4500
001 - NUMER KONTROLNY REKORDU
pole kontrolne 42542
003 - IDENTYFIKATOR NUMERU KONTROLNEGO REKORDU
podpole kontrolne KOSZ 005
005 - DATA OSTATNIEJ MODYFIKACJI REKORDU
podpole kontrolne 20220118143002.0
008 - POLE O STAŁEJ DŁUGOŚCI - DANE KONTROLNE
podpole kontrolne o stałej długości 050331s2002 pl a f |000 0 pol
015 ## - NUMER BIBLIOGRAFII NARODOWEJ
Numer bibliografii narodowej PB 2005/19045
020 ## - MIĘDZYNARODOWY ZNORMALIZOWANY NUMER KSIĄŻKI - ISBN
ISBN 8391389561
035 ## - NUMER SYSTEMOWY
Numer systemowy przejętego rekordu (PL-WaBN)b15407135-48omnis_nlop
035 ## - NUMER SYSTEMOWY
Numer systemowy przejętego rekordu b15407135
035 ## - NUMER SYSTEMOWY
Numer systemowy przejętego rekordu (OCoLC)749642613
035 ## - NUMER SYSTEMOWY
Numer systemowy przejętego rekordu (PL)b0000001540713
040 ## - ŹRÓDŁO KATALOGOWANIA
Instytucja, która sporządziła opis WA N
Instytucja, która utworzyła rekord WA N
Instytucja, która dokonała modyfikacji KOSZ 005/HR
041 1# - KOD JĘZYKA
Kod języka tekstu pol
Kod języka oryginału rus
046 ## - DATY KODOWANE
Pojedyncza data lub początek okresu powstania dzieła lub zbioru dzieł 2002
080 ## - UNIWERSALNA KLASYFIKACJA DZIESIĘTNA - UKD
UKD 621.56/.59
080 ## - UNIWERSALNA KLASYFIKACJA DZIESIĘTNA - UKD
UKD 621.362/.363
080 ## - UNIWERSALNA KLASYFIKACJA DZIESIĘTNA - UKD
UKD (075.8)
100 1# - NAZWA OSOBOWA
Nazwa osobowa Filin, Serhij
Określenie rodzaju współpracy Autor
245 10 - TYTUŁ/ODPOWIEDZIALNOŚĆ
Tytuł Termoelektryczne urządzenia chłodnicze /
Pozostałe elementy strefy tytułu i oznaczenia odpowiedzialności Sergiy Filin ; [tł. B. i W. Targańscy].
260 ## - STREFA ADRESU WYDAWNICZEGO
Miejsce wydania Gdańsk :
Nazwa wydawcy/dystrybutora IPPU MASTA,
Data publikacji, dystrybucji/powstania dokumentu 2002.
300 ## - STREFA OPISU FIZYCZNEGO
Objętość 215 s. :
Inne cechy fizyczne fot., rys., wykr. ;
Rozmiary 25 cm.
336 ## - TYP ZAWARTOŚCI
Źródło (terminu i kodu) rdacontent
Termin opisujący typ zawartości Tekst
Kod określający zawartość txt
337 ## - TYP MEDIÓW
Źródło (terminu i kodu) rdamedia
Tryb odtwarzania Bez urządzenia pośredniczącego
Kod typu mediów n
338 ## - TYP/RODZAJ NOŚNIKA
Źródło (terminu i kodu) rdacarrrier
Hasło opisujące typ nośnika Wolumin
Kod typu nośnika nc
380 ## - FORMA I TYP PUBLIKACJI
Forma i typ publikacji Książki
380 ## - FORMA I TYP PUBLIKACJI
Forma i typ publikacji Publikacje fachowe
388 ## - CZAS POWSTANIA
Czas powstania 2001-
490 1# - STREFA SERII I DOKUMENTU WIELOCZĘŚCIOWEGO - FORMA NIE DO WYSZUKIWANIA
Tytuł i oznaczenie odpowiedzialności serii M TCHK ;
Numeracja w obrębie serii 5
504 ## - UWAGA DOTYCZĄCA BIBLIOGRAFII
Informacje o bibliografii Bibliogr. s. 209-215.
650 #7 - HASŁO PRZEDMIOTOWE W FORMIE NAZWY OGÓLNEJ LUB JEDNOSTKOWEJ
Nazwa ogólna lub geograficzna Chłodnictwo
Źródło hasła lub terminu DBN
650 #7 - HASŁO PRZEDMIOTOWE W FORMIE NAZWY OGÓLNEJ LUB JEDNOSTKOWEJ
Nazwa ogólna lub geograficzna Termoelektryczność
Źródło hasła lub terminu DBN
650 #7 - HASŁO PRZEDMIOTOWE W FORMIE NAZWY OGÓLNEJ LUB JEDNOSTKOWEJ
Nazwa ogólna lub geograficzna Urządzenia chłodnicze
650 #7 - HASŁO PRZEDMIOTOWE W FORMIE NAZWY OGÓLNEJ LUB JEDNOSTKOWEJ
Nazwa ogólna lub geograficzna Elektrotechnika
655 #7 - TERMIN INDEKSOWY - OKREŚLENIE RODZAJU/FORMY DOKUMENTU
Określenie rodzaju/formy dokumentu Podręczniki akademickie
Źródło terminu DBN
658 ## - TERMIN INDEKSOWY - PRZEDMIOT PROGRAMU NAUCZANIA
Główny przedmiot programu nauczania Inżynieria i technika
700 1# - HASŁO DODATKOWE - NAZWA OSOBOWA
Nazwa osobowa Targański, Waldemar
Określenie związku między hasłem a opisywanym materiałem Tłumaczenie
700 1# - HASŁO DODATKOWE - NAZWA OSOBOWA
Nazwa osobowa Targańska, Beata
Określenie związku między hasłem a opisywanym materiałem Tłumaczenie
710 2# - HASŁO DODATKOWE - NAZWA CIAŁA ZBIOROWEGO
Nazwa ciała zbiorowego lub jednostki geograficznej Inżynierskie Przedsiębiorstwo Produkcyjno-Usługowe Masta
Kod określenia powiązania pbl
830 #0 - HASŁO DODATKOWE SERII LUB DOKUMENTU WIELOCZĘŚCIOWEGO - TYTUŁ UJEDNOLICONY
Tytuł ujednolicony Monografie TCHK
Oznaczenie tomu 5
856 ## - LOKALIZACJA I DOSTĘP DO ELEKTRONICZNYCH DOKUMENTÓW ZDALNYCH
Link (URL) http://koha.tu.koszalin.pl/cgi-bin/koha/opac-detail.pl?biblionumber=42542
Tekst linku Katalog online BPK
942 ## - DODATKOWE ELEMENTY (KOHA)
Schemat klasyfikacji Uniwersalna Klasyfikacja Dziesiętna
Typ dokumentu Książka
Egzemplarze
Wycofany Status egzemplarza Uszkodzony Dostępność Lokalizacja stała Lokalizacja bieżąca Miejsce przechowywania Sygnatura Kod kreskowy Dział Typ dokumentu Ostatnio wypożyczono
      Tylko na miejscu Biblioteka Politechniki Koszalińskiej Biblioteka Politechniki Koszalińskiej Czytelnia BG 66860 01981049 621.5/.6 Pneumatyka. Chłodnictwo. Wentylatory. Pompy Książka  
      Dostępny Biblioteka Politechniki Koszalińskiej Biblioteka Politechniki Koszalińskiej Wypożyczalnia BG 66861 01981032   Książka 18.07.2023
© 2023 Biblioteka Politechniki Koszalińskiej :: KOHA